Ancient Roman Trivia #2 - Statistics

General Stats
  • This quiz has been taken 38,632 times
    38,631 since last reset
  • The average score is 14 of 23
Answer Stats
Hint Answer % Correct
Type of animal that raised Romulus and Remus Wolf
90%
The first 5 Roman emperors Augustus
88%
Egyptian pharaoh who was the lover of Caesar and Antony Cleopatra
88%
Formal robe worn by a Roman man Toga
84%
The first 5 Roman emperors Nero
80%
Method of execution used on Jesus and followers of Spartacus Crucifixion
79%
Capitoline and Palatine are among the seven _____ of Rome Hills
71%
What Caesar said on that occasion The {Die} is Cast
66%
Term for a division of Roman soldiers Legion
65%
Type of animal associated with the above Eagle
60%
River that Caesar crossed to conquer Italy Rubicon
60%
Barbarian culture that sacked and "vandalized" Rome in 455 Vandals
58%
The first 5 Roman emperors Caligula
57%
Activity that took place at Circus Maximus Chariot Racing
55%
Central marketplace of ancient Rome Forum
55%
The first Bishop of Rome, according to Catholic tradition St. Peter
54%
Chaste priestesses who maintained an eternal flame {Vestal} Virgins
47%
The first 5 Roman emperors Tiberius
45%
City called Lutetia by the Romans Paris
43%
The first 5 Roman emperors Claudius
41%
Opposite of a plebeian Patrician
40%
"Great" Byzantine emperor who reconquered Italy Justinian
37%
Tribe from which the early Romans stole their brides Sabines
25%
No matching quizzes found
Score Distribution
Percent of People with Each Score
Percentile by Number Answered
Your Score History
You have not taken this quiz since the last reset